000 00714nam a2200289Ia 4500
008 160803s9999 xx 000 0 und d
020 _a9780545238045
100 _aHowe, James
245 _aHoundsley and Catina and the quiet time /
245 _cJames Howe ; illustrated by Marie-Louise Gay.
260 _aNew York :
260 _bScholastic Inc.
260 _c2010
300 _a42 pages :
300 _bcolor illustrations ;
300 _c23 cm
650 _aDogs --
650 _aPicture books.
650 _aQuietude --
650 _aSnow --
650 _aWinter --
650 _xFiction.
650 _xFiction.
650 _xFiction.
650 _xFiction.
700 _a590
999 _c299784
_d299784